01472 a2200217 45000010006000000050017000060080041000230030015000640400040000790800033001192450020001520200018001722640043001903000027002335050808002600410008010681000023010767000023010997000033011228560099011554700220260407155739.0260407a1995 arg spa dAR-UNSa-BCEJYS aAR-UNSa-BCEJYSbspacAR-UNSa-BCEJYS a330.101.541xMacroeconomía10aMacroeconomía a950-537-305-8 1aBuenos Aires :bEdiciones Macchic1995 axxxvii, 625 p.c22 cm. aParte I: Introducción: 1. La ciencia de la macroeconomía - 2. Los datos de la macroeconomía -- Parte II: La economía en el largo plazo: 3. Ingreso nacional: producción, distribución y asignación - 4. Crecimiento económico - 5. Desempleo - 6. Inflación - 7. La economía abierta -- Parte III: La economía en el corto plazo: 8. Introducción a las fluctuaciones económicas - 9. Demanda agregada I - 10. Demanda agregada II - 11.La oferta agregada - 12. El debate sobre la política macroeconómica - 13. La economía abierta en el corto plazo - 14. La teoría de los ciclos económicos reales -- Parte IV: Más cerca de la microeconomía detrás de la macroeconomía: 15. Consumo - 16. Dos aspectos de la deuda pública - 17. Inversión - 18. Oferta y demanda de dinero. aspa1 aMankiw, N. Gregory1 aSouto, Graciela S.1 aFernández Cendoya, Mariana41uhttps://www.biblioeco.unsa.edu.ar/pmb/images/libros/L127368.jpgyImagen de portadaqimage/jpeg